| 000 | 00426cam a22001217a 4500 | ||
|---|---|---|---|
| 008 | 180718b1991 xxu||||| |||| 00| 0 eng d | ||
| 082 | _aT39x6 In8ex | ||
| 100 | _aAli, Ridwan | ||
| 245 |
_aIs export diversification the best way to achieve export growth and stability? A look at three African Countires _cBy Ridwan Ali...[et.al] |
||
| 260 |
_aWashington, D.C _bIBRD _c1991 |
||
| 300 | _a44p. | ||
| 650 | _aForeign Commerce - Africa | ||
| 999 |
_c225713 _d225713 |
||